Unie, která si klade vyšší cíle ̶ kritický pohled na vybrané kapitoly
Hlavné ciele Európskej únie, jej protiklady a rozpory s realitou. Príklady a rozpory v menovej a rozpočtovej politike EU, a to predovšetkým v eurozóne. Favorizovaná konkurencieschopnosť a flexibilita. Problematika zdaňovania v EU, osobitne v súvislosti s daňovými rajmi.
Saved in:
| Main Author: | |
|---|---|
| Other Authors: | |
| Format: | Book Chapter |
| Language: | Czech |
| Subjects: | |
| Tags: |
No Tags, Be the first to tag this record!
|
MARC
| LEADER | 00000naa a2200000 4500 | ||
|---|---|---|---|
| 001 | 0260895 | ||
| 005 | 20200110104154.4 | ||
| 041 | 0 | |a cze | |
| 044 | |a CZ | ||
| 245 | 1 | 0 | |a Unie, která si klade vyšší cíle ̶ kritický pohled na vybrané kapitoly |c Pavel Janíčko, Ilona Švihlíková |
| 520 | |a Hlavné ciele Európskej únie, jej protiklady a rozpory s realitou. Príklady a rozpory v menovej a rozpočtovej politike EU, a to predovšetkým v eurozóne. Favorizovaná konkurencieschopnosť a flexibilita. Problematika zdaňovania v EU, osobitne v súvislosti s daňovými rajmi. | ||
| 610 | 2 | 0 | |a Európska únia |
| 610 | 2 | 0 | |a eurozóna |
| 610 | 2 | 0 | |a politika rozpočtová |
| 610 | 2 | 0 | |a zdaňovanie |
| 610 | 2 | 0 | |a harmonizácia |
| 610 | 2 | 0 | |a spolupráca medzinárodná |
| 610 | 2 | 0 | |a politika sociálna |
| 100 | 1 | |a Janíčko, Pavel | |
| 700 | 1 | |a Švihlíková, Ilona | |